LEADER 01643nas 2200409 n 450 001 990009006550403321 005 20240229084433.0 011 $a0256-3541 035 $a000900655 035 $aFED01000900655 035 $a(Aleph)000900655FED01 035 $a000900655 091 $2CNR$aP 00040618 100 $a20090724b19591998km-y0itaa50------ba 101 0 $aita 102 $aCH 110 $aauu-------- 200 1 $a<>Mese economico e finanziario 207 1$a1959-1998 210 $aBasilea$cSocietā di Banca svizzera 326 $aMensile 451 0$12001$a<>Mois economique et financier 530 0 $a<>Mese economico e finanziario 675 $a33 675 $a336 675 $a332.1 712 02$aSocietā di Banca svizzera 801 0$aIT$bACNP$c20090723 859 4 $uhttp://acnp.cib.unibo.it/cgi-ser/start/it/cnr/dc-p1.tcl?catno=28740&person=false&language=ITALIANO&libr=&libr_th=unina1$zBiblioteche che possiedono il periodico 901 $aSE 912 $a990009006550403321 958 $aBiblioteca. Dipartimento di Economia Aziendale dell'Universitā Federico II$b1974-1986;1993-1998.$c1983-1984;1986;1993-1995;1997-1998.$fECA 959 $aECA 996 $aMese economico e finanziario$9792383 997 $aUNINA AP1 8 $6866-01$aNA040 Biblioteca. Dipartimento di Economia Aziendale dell'Universitā Federico II$ev. Cintia, 80126 Napoli (NA)$m081675089/91/92$m081675091$nit AP2 40$aacnp.cib.unibo.it$nACNP Italian Union Catalogue of Serials$uhttp://acnp.cib.unibo.it/cgi-ser/start/it/cnr/df-p.tcl?catno=28740&language=ITALIANO&libr=&person=&B=1&libr_th=unina&proposto=NO LEADER 01787nam0 2200409 i 450 001 LO10400000 005 20251003044210.0 010 $a8822061802 020 $aIT$b96-9526 100 $a20040315d1996 ||||0itac50 ba 101 | $aita 102 $ait 181 1$6z01$ai $bxxxe 182 1$6z01$an 200 1 $aAlle origini del federalismo italiano$eGiuseppe Ferrari$fMario Schiattone 210 $aBari$cDedalo$d[1996] 215 $a174 p.$d21 cm. 225 | $aNuova biblioteca Dedalo$v180 410 0$1001CFI0001273$12001 $aNuova biblioteca Dedalo$v180 606 $aFerrari, Giuseppe$xPensiero politico$2FIR$3CFIC085144$9I 606 $aFerrari, Giuseppe$xPensiero politico$2FIR$3CFIC085144$9I 676 $a320.531092$9SOCIALISMO. BIOGRAFIE$v20 676 $a320.531092$9$v21 676 $a321.02092$9FORME FEDERALI. BIOGRAFIE$v20 676 $a321.020945$9STATI FEDERALI. ITALIA$v19 676 $a321.020945$9STATI FEDERALI. Italia$v20 676 $a321.020945$9STATI FEDERALI. Italia$v21 700 1$aSchiattone$b, Mario$3SBLV138994$4070$0140679 801 3$aIT$bIT-000000$c20040315 850 $aIT-BN0095 $aIT-NA0299 901 $bNAP 01$cPOZZO LIB.$nVi sono collocati fondi di economia, periodici di ingegneria e scienze, periodici di economia e statistica e altri fondi comprendenti documenti di economia pervenuti in dono. 901 $bNAP AG$cI $n$ 912 $aLO10400000 950 0$aBiblioteca Centralizzata di Ateneo$c1 v.$d 01POZZO LIB.ECON MON 9776$e 0101 0000088855E VMA 1 v. (Precedente collocazione: GUERRAZZI A 50)$fB $h20071019$i20071019 977 $a 01$a AG 996 $aAlle origini del federalismo italiano$964189 997 $aUNISANNIO